000 01421cad a22002055a 4500
001 E147647
008 090602e20090514xxk 000 0 eng d
035 _a(Sirsi) u147647
041 0 _aeng
245 0 0 _aPatricia Whitehouse v Dr A. H. Loi Lee
_h[electronic resource]
260 _c2009
520 _a[2009] EWCA Civ 375, 14 May 2009. Concerns an appeal against an order made in the Central London County Court that W and her husband should give up possession of a flat in which they had lived since 1963 as tenants protected by the Rent Act 1977. The landlord (L) was seeking possession on the ground that suitable alternative accommodation was available, as she wanted to sell the property with vacant possession. W and her husband, however, did not want to move and did not like the alternative property offered. "Held": appeal allowed. The social and emotional effects for W of moving to a new neighbourhood away from the home in which she and her husband had lived for so long outweighed the arguments put forward by L, and meant that the order for possession was not reasonable.
590 _aKA
650 2 4 _aRENT ACT 1977
650 2 4 _aWHITEHOUSE V LEE
651 4 _aEngland and Wales
_y1543-
690 _aPROPERTY-RESIDENTIAL PROPERTY-RESIDENTIAL LANDLORD AND TENANT
856 4 0 _uhttps://www.bailii.org/ew/cases/EWCA/Civ/2009/375.html
_zView the case free of charge at www.baillii.org...
942 _n0
999 _c81593
_d81593